000 01097 a2200241 4500
005 20080912113215.0
008 080912t xxu||||| |||| 00| 0 hin d
010 _aHIN-80701
020 _a818845740x
_c200.00
035 _aHN-53047
037 _bD.B.Act / pub
082 _a
100 _aदुआ, अंजु जैमिनी
245 _aक्या गुनाह किया
_cअंजु दुआ जैमिनी
246 _aKya Gunah Kiya
_bby Anju Dua Jemini
260 _aनई दिल्ली
_bकल्याणी शिक्षा परिषद
_c2007
270 _a3320-21, जटवाड़ा, दरियागंज
_bनई दिल्ली
_e110002
300 _a144पृ
_c22 सेमी (सजिल्द)
650 _aहिन्दी कहानियाँ
650 _aHindi Stories
942 _adpl
_cHN
_kक / दुआअं
_2ddc
_h
_mदुआअं
999 _c6920
_d6920